000 00622nam a22001691i 4500
001 5324
090 _a5324
100 _a20170304u u u0frey50 ba
101 0 _apor
200 1 _fPapiniano Carlos
_aO grande lagarto da pedra azul
215 _a[42] p.
_cil.
_d19x21 cm
702 1 _aCayatte
_bHenrique
_4440
_f1957-
700 1 _aCarlos
_bPapiniano
_4070
210 _cCaminho
_aLisboa
_dimp. 1986
996 _f0005794
_kCAR
_m00000000
_n00000000
_aBMVA
_b1
_vViana do Alentejo
_xLiteratura Infantil
_y35
_eLivro
_10
_31
996 _f0018543
_kCAR Inf
_m00000000
_n00000000
_aBMVAAL
_b3
_vAlcáçovas
_xLiteratura Infantil
_y35
_eLivro
_10
_31
990 _cLIVROS